000
00246 a2200109 4500
008
20120305nuuuu xx |||| ||eng d
020
_a
9780596527983
260
_b
_c
942
_c
BK
245
_a
Relational Database Dictionary
100
_a
Date, C.J.
999
_c
95
_d
95